000 00495nam a2200193Ia 4500
005 20240823021151.0
008 240823s9999||||xx |||||||||||||| ||und||
020 _a81-7629-797-6
041 _aENGLISH
082 _A658.047 P6
100 _aNakkiran S
245 0 _aCooperative Management : Principles and Techniques
250 _a1st
260 _c2006
_b"Deep and Deep, New "
_aNew Delhi
500 _aYES
650 _aManagement
_bManagement Studies
942 _cBK
999 _c176441
_d176441